[Event "II Weekend FirenzeScacchi A"]
[Site "Firenze ITA"]
[Date "2007.10.26"]
[Round "2"]
[White "Bini, Alessandro"]
[Black "Garofalo, Simone"]
[Result "1-0"]
[WhiteElo "2009"]
[BlackElo "2022"]
[PlyCount "117"]
[EventDate "2007.10.26"]

1. c4 Nf6 2. Nc3 g6 3. g3 Bg7 4. Bg2 O-O 5. e3 d6 6. Qc2 Nc6 7. a3 Bf5 8. d3
Rb8 9. Rb1 e5 10. b4 Qd7 11. Nd5 Nxd5 12. cxd5 Ne7 13. e4 Bg4 14. h3 Bh5 15. g4
Bxg4 16. hxg4 c6 17. Qe2 cxd5 18. Qf3 dxe4 19. dxe4 Rfc8 20. Qh3 h5 21. gxh5
Qxh3 22. Rxh3 gxh5 23. Rxh5 Rc4 24. Ne2 Ng6 25. Rh3 Rbc8 26. Bd2 Kf8 27. Rc1 b5
28. Rhc3 Rxc3 29. Rxc3 Rxc3 30. Nxc3 a6 31. Nd5 Nf4 32. Bxf4 exf4 33. Bh3 f3
34. Kd1 Be5 35. Ke1 Bb2 36. Bg4 Bxa3 37. Bxf3 Ke8 38. Kd2 Kd8 39. Kc2 a5 40.
bxa5 Bc5 41. Bh5 Bxf2 42. Bxf7 Kc8 43. Be8 Be1 44. a6 b4 45. Bb5 Kb8 46. Kb3
Bg3 47. Nxb4 Bh2 48. Nc6+ Ka8 49. Kc4 Bg3 50. Kd5 Bh2 51. Nd8 Kb8 52. Kc6 Bg3
53. Nf7 d5 54. exd5 Ka7 55. Bd3 Bf4 56. Kb5 Kb8 57. d6 Ka7 58. d7 Bd6 59. Nxd6
1-0

[Event "II Weekend FirenzeScacchi A"]
[Site "Firenze ITA"]
[Date "2007.10.26"]
[Round "2"]
[White "Bini, Lorenzo"]
[Black "Contini, Davide"]
[Result "0-1"]
[WhiteElo "2023"]
[BlackElo "2173"]
[PlyCount "78"]
[EventDate "2007.10.26"]

1. f4 d5 2. b3 Nf6 3. Bb2 e6 4. e3 c5 5. Qe2 b6 6. Nf3 Be7 7. d3 O-O 8. Nbd2
Nc6 9. a3 a5 10. Ne5 Nxe5 11. fxe5 Nd7 12. a4 f6 13. d4 Qc7 14. Nf3 cxd4 15.
exd4 Bb4+ 16. Kd1 Bc3 17. Kc1 fxe5 18. dxe5 Ba6 19. Qe3 d4 20. Qe4 Bxf1 21.
Rxf1 Rac8 22. Rd1 Nc5 23. Qg4 Bxb2+ 24. Kxb2 Nxa4+ 25. Rxa4 Qxc2+ 26. Ka3 Qxd1
27. Qxd4 Qc1+ 28. Qb2 Qc5+ 29. Ka2 Qc2 30. Rd4 Qxb2+ 31. Kxb2 Rfd8 32. Rc4 Rxc4
33. bxc4 Rd3 34. Kc2 Ra3 35. Kb2 Re3 36. Kc2 h6 37. Kd2 Ra3 38. Nd4 Kf7 39. g4
Ra2+ 0-1

[Event "II Weekend FirenzeScacchi A"]
[Site "Firenze ITA"]
[Date "2007.10.26"]
[Round "2"]
[White "Burgassi, Daniele"]
[Black "Bartoli, Fabio"]
[Result "1/2-1/2"]
[WhiteElo "1939"]
[BlackElo "1662"]
[PlyCount "34"]
[EventDate "2007.10.26"]

1. e4 c5 2. Nc3 Nc6 3. f4 e6 4. Nf3 d5 5. Bb5 a6 6. Bxc6+ bxc6 7. O-O Nf6 8. d3
Be7 9. Kh1 Bb7 10. Qe1 Qc7 11. e5 Nd7 12. b3 Nb6 13. Qg3 g6 14. a4 a5 15. Nd2
h5 16. h4 Qd8 17. Nf3 c4 1/2-1/2

[Event "II Weekend FirenzeScacchi A"]
[Site "Firenze ITA"]
[Date "2007.10.26"]
[Round "2"]
[White "Cocuzzi, Edoardo"]
[Black "Del Giudice, Stefano"]
[Result "1/2-1/2"]
[WhiteElo "1892"]
[BlackElo "2030"]
[PlyCount "127"]
[EventDate "2007.10.26"]

1. e4 c5 2. Bc4 Nc6 3. a3 e6 4. Nc3 Nf6 5. d3 d5 6. exd5 exd5 7. Ba2 Be7 8. Bf4
a6 9. h3 O-O 10. Nf3 Be6 11. O-O Qd7 12. Ne2 Rad8 13. d4 Ne4 14. dxc5 Bxc5 15.
Ne5 Nxe5 16. Bxe5 f6 17. Bd4 Bd6 18. Bb6 Bc7 19. Bxc7 Qxc7 20. Nd4 Bf7 21. c3
Qb6 22. f3 Ng3 23. Rf2 Rfe8 24. Qd2 Qd6 25. Bb1 Qe5 26. Bd3 Re7 27. Ne2 Rde8
28. Nxg3 Qxg3 29. Re2 Re5 30. Rae1 Rxe2 31. Rxe2 Re5 32. Rxe5 Qxe5 33. Qe2 Kf8
34. Kf2 g6 35. Qe3 Qxe3+ 36. Kxe3 Ke7 37. h4 h6 38. g3 Kd6 39. Kd4 g5 40. f4
Bh5 41. Ke3 Bd1 42. hxg5 hxg5 43. b4 Bb3 44. Kf3 Bd1+ 45. Ke3 Bb3 46. fxg5 fxg5
47. Be2 Ke5 48. Bg4 Ba4 49. Bc8 Bc6 50. g4 Kd6 51. Kd4 Kc7 52. Be6 Kd6 53. Bf5
b6 54. Bc8 a5 55. Bf5 Ba4 56. c4 axb4 57. axb4 dxc4 58. Kxc4 Bc6 59. Kd4 Bf3
60. Ke3 Bd1 61. Kd4 Bb3 62. Bc8 Bd1 63. Bf5 Be2 64. Bc8 1/2-1/2

[Event "II Weekend FirenzeScacchi A"]
[Site "Firenze ITA"]
[Date "2007.10.26"]
[Round "2"]
[White "De Filomeno, Simone"]
[Black "Cassai, Mario"]
[Result "1-0"]
[WhiteElo "2045"]
[BlackElo "1814"]
[PlyCount "65"]
[EventDate "2007.10.26"]

1. e4 c5 2. Nc3 Nc6 3. g3 g6 4. Bg2 Bg7 5. d3 d6 6. Be3 Nd4 7. Qd2 e5 8. Nd1
Bd7 9. c3 Nc6 10. Ne2 Nf6 11. Bh6 Bxh6 12. Qxh6 Qe7 13. O-O Ng4 14. Qd2 h5 15.
h3 Nh6 16. Ne3 Be6 17. d4 cxd4 18. cxd4 exd4 19. Nxd4 Qd7 20. Rad1 Rd8 21. Nxe6
fxe6 22. Nc4 Nf7 23. f4 e5 24. Ne3 Nd4 25. Nd5 Kf8 26. fxe5 dxe5 27. Qg5 Qd6
28. Rf6 Qc5 29. Kh2 Rd6 30. Rxf7+ Kxf7 31. Qe7+ Kg8 32. Nf6+ Rxf6 33. Qxc5 1-0

[Event "II Weekend FirenzeScacchi A"]
[Site "Firenze ITA"]
[Date "2007.10.26"]
[Round "2"]
[White "Ljubisavljevic, Zivojin Z."]
[Black "Tocchioni, Doriano"]
[Result "0-1"]
[WhiteElo "2319"]
[BlackElo "2290"]
[PlyCount "98"]
[EventDate "2007.10.26"]

1. e4 c6 2. d4 d5 3. Nc3 a6 4. e5 Bf5 5. Nge2 e6 6. Ng3 Bg6 7. h4 h6 8. h5 Bh7
9. Bd3 Bxd3 10. Qxd3 c5 11. f4 Nc6 12. Nce2 cxd4 13. Nxd4 Nxd4 14. Qxd4 Ne7 15.
Be3 Nc6 16. Qb6 d4 17. Qxd8+ Rxd8 18. Bd2 f6 19. exf6 gxf6 20. O-O f5 21. Rf3
Bc5 22. Kf1 Rg8 23. Nh1 Rg4 24. g3 Rg7 25. Nf2 Rc7 26. Re1 Kf7 27. g4 Bb4 28.
Bxb4 Nxb4 29. gxf5 exf5 30. Re5 Rxc2 31. Rxf5+ Ke6 32. Re5+ Kd7 33. a3 Nc6 34.
Re2 Rc5 35. f5 Rf8 36. f6 Rxh5 37. Nd3 Rg5 38. b4 b6 39. a4 h5 40. Rg2 Rxg2 41.
Kxg2 Ke6 42. a5 bxa5 43. Nc5+ Kf7 44. bxa5 Rd8 45. Rb3 Ne5 46. Ne4 d3 47. Rb2
Rd4 48. Rb7+ Ke6 49. Re7+ Kf5 0-1

[Event "II Weekend FirenzeScacchi A"]
[Site "Firenze ITA"]
[Date "2007.10.26"]
[Round "2"]
[White "Malescusi, Luciano"]
[Black "Corso, Roberto"]
[Result "0-1"]
[WhiteElo "1873"]
[BlackElo "2096"]
[PlyCount "82"]
[EventDate "2007.10.26"]

1. e4 c5 2. Nc3 e6 3. g3 d5 4. Bg2 d4 5. Nb1 Nc6 6. d3 e5 7. Ne2 h5 8. O-O g5
9. f4 gxf4 10. gxf4 Nh6 11. f5 Rg8 12. Kh1 Qf6 13. c3 Bd7 14. cxd4 cxd4 15. Na3
O-O-O 16. Bd2 Ng4 17. Qe1 Bh6 18. Bf3 Ne7 19. Bxg4 Rxg4 20. Rc1+ Bc6 21. b4 a6
22. Rc5 Kb8 23. Bxh6 Qxh6 24. Rxe5 Qd6 25. Nc4 Qc7 26. f6 Ng6 27. Rxh5 Rxe4 28.
dxe4 Bxe4+ 29. Kg1 Qxc4 30. Rc5 Qxa2 31. Qg3+ Ka7 32. Qf2 Bc6 33. Rd1 Nh4 34.
Nxd4 Rg8+ 35. Kf1 Bg2+ 36. Ke1 Re8+ 37. Re5 Rxe5+ 38. Ne2+ b6 39. Rd7+ Bb7 40.
Rd6 Qb1+ 41. Kd2 Qxb4+ 0-1

[Event "II Weekend FirenzeScacchi A"]
[Site "Firenze ITA"]
[Date "2007.10.26"]
[Round "2"]
[White "Rinaldi, Francesco Saverio"]
[Black "Ghods, Maziar"]
[Result "1-0"]
[WhiteElo "2187"]
[BlackElo "1874"]
[PlyCount "33"]
[EventDate "2007.10.26"]

1. Nf3 d5 2. d4 Nf6 3. e3 e6 4. Bd3 c5 5. c3 Nc6 6. Nbd2 cxd4 7. exd4 Bd6 8.
Qe2 Bd7 9. O-O O-O 10. Ne5 Qc7 11. f4 Rfe8 12. g4 Bc8 13. g5 Nd7 14. Bxh7+ Kf8
15. Qh5 Re7 16. Bg6 Kg8 17. Qh7+ 1-0

[Event "II Weekend FirenzeScacchi A"]
[Site "Firenze ITA"]
[Date "2007.10.26"]
[Round "2"]
[White "Scali, Fausto"]
[Black "Codenotti, Marco"]
[Result "1/2-1/2"]
[WhiteElo "2042"]
[BlackElo "2002"]
[PlyCount "106"]
[EventDate "2007.10.26"]

1. e4 c5 2. Nf3 g6 3. d4 cxd4 4. Nxd4 Nc6 5. Nb3 Bg7 6. Nc3 Nf6 7. Be2 O-O 8.
Be3 d6 9. Qd2 Bd7 10. O-O-O Ng4 11. Bxg4 Bxg4 12. f3 Bd7 13. h4 Ne5 14. Bd4 h5
15. Qg5 b5 16. Nd5 Re8 17. Ne3 a5 18. Nd2 Nd3+ 19. cxd3 Bxd4 20. Kb1 e6 21.
Qxd8 Rexd8 22. Nc2 Bg7 23. f4 e5 24. fxe5 dxe5 25. Nf3 Bg4 26. Ne3 Rd6 27. Nxg4
hxg4 28. Ne1 f5 29. Nc2 Rad8 30. exf5 gxf5 31. Ne3 Rxd3 32. Rxd3 Rxd3 33. Nxf5
Bf6 34. Kc2 Rd7 35. Nh6+ Kg7 36. Nxg4 Rd4 37. Nxf6 Kxf6 38. h5 Rg4 39. Rh2 Kg7
40. h6+ Kh7 41. Kd3 Rf4 42. Ke3 Rg4 43. b3 a4 44. bxa4 Rxa4 45. g3 Ra3+ 46. Ke4
Rxg3 47. Kxe5 b4 48. Kf4 Ra3 49. Kg5 b3 50. axb3 Rxb3 51. Rf2 Rb5+ 52. Kf6 Rb6+
53. Kf7 Rxh6 1/2-1/2

[Event "II Weekend FirenzeScacchi A"]
[Site "Firenze ITA"]
[Date "2007.10.26"]
[Round "2"]
[White "Tocchioni, Maurizio"]
[Black "Bighiu, Gheorghe"]
[Result "1-0"]
[WhiteElo "1916"]
[BlackElo "2043"]
[PlyCount "71"]
[EventDate "2007.10.26"]

1. d4 d5 2. Nf3 Nf6 3. Bf4 c6 4. c3 Bf5 5. h3 e6 6. e3 Bd6 7. Ne5 Qc7 8. Nd2
Nfd7 9. g4 Bg6 10. Nxg6 hxg6 11. Bxd6 Qxd6 12. Qb3 b6 13. c4 g5 14. Bg2 Nf6 15.
O-O Nxg4 16. Nf3 Nh6 17. Nxg5 f6 18. Nxe6 Qxe6 19. cxd5 Qd7 20. Rac1 Nf7 21.
dxc6 Qc7 22. Qe6+ Kf8 23. f4 Na6 24. Qc4 Nb8 25. e4 a5 26. e5 Na6 27. a3 Rh4
28. Qd3 Qa7 29. Kh2 Qc7 30. Qg3 Rh6 31. Rg1 Rd8 32. Rcd1 g5 33. fxg5 Nxg5 34.
Rgf1 Qg7 35. exf6 Rxf6 36. Rxf6+ 1-0

[Event "II Weekend FirenzeScacchi A"]
[Site "Firenze ITA"]
[Date "2007.10.27"]
[Round "3"]
[White "Bartoli, Fabio"]
[Black "Bini, Alessandro"]
[Result "1/2-1/2"]
[WhiteElo "1662"]
[BlackElo "2009"]
[PlyCount "145"]
[EventDate "2007.10.26"]

1. e4 g6 2. d4 Bg7 3. c3 d6 4. Be3 Nf6 5. Bd3 O-O 6. f3 Nbd7 7. Ne2 c5 8. O-O
Qc7 9. Nd2 b6 10. Rc1 Rb8 11. a4 a6 12. b4 Rd8 13. b5 a5 14. Bc4 e6 15. Nf4 Nf8
16. d5 e5 17. Ne2 Qe7 18. Qc2 h6 19. Ng3 N6h7 20. f4 exf4 21. Bxf4 g5 22. Be3
Be5 23. Nf5 Bxf5 24. Rxf5 Ng6 25. g3 f6 26. Rcf1 Qg7 27. Be2 Ne7 28. R5f2 Rf8
29. c4 g4 30. Nb3 h5 31. Qd2 Ng5 32. Bxg5 Qxg5 33. Qxg5+ fxg5 34. Kg2 Rxf2+ 35.
Rxf2 Kg7 36. Nc1 Rf8 37. Rxf8 Kxf8 38. Nd3 Ng6 39. h3 gxh3+ 40. Kxh3 g4+ 41.
Kg2 Kf7 42. Kf2 Kf6 43. Kg2 Kg5 44. Nf2 Bd4 45. Nd3 h4 46. gxh4+ Kxh4 47. Bd1
g3 48. Be2 Be5 49. Bf1 Nf8 50. Be2 Nd7 51. Bd1 Bd4 52. Be2 Nf6 53. Bf3 Ng4 54.
Bxg4 Kxg4 55. e5 dxe5 56. d6 e4 57. d7 Bf6 58. Ne5+ Kf4 59. Ng6+ Kf5 60. Nf8
Kg4 61. Ng6 e3 62. Ne5+ Kf4 63. Nd3+ Ke4 64. Nxc5+ Kd4 65. Ne6+ Kxc4 66. Kxg3
e2 67. Kf2 Kb4 68. Kxe2 Kxa4 69. d8=Q Bxd8 70. Nxd8 Kxb5 71. Kd2 Kc4 72. Nb7
Kd5 73. Nxa5 1/2-1/2

[Event "II Weekend FirenzeScacchi A"]
[Site "Firenze ITA"]
[Date "2007.10.27"]
[Round "3"]
[White "Bighiu, Gheorghe"]
[Black "Scali, Fausto"]
[Result "1/2-1/2"]
[WhiteElo "2043"]
[BlackElo "2042"]
[PlyCount "102"]
[EventDate "2007.10.26"]

1. e4 Nf6 2. Nc3 d5 3. exd5 Nxd5 4. Bc4 Nb6 5. Bb3 Nc6 6. Nf3 Bf5 7. d3 e6 8.
Ne4 Bxe4 9. dxe4 Qxd1+ 10. Kxd1 O-O-O+ 11. Ke2 Bc5 12. c3 h6 13. Be3 Bxe3 14.
Kxe3 Rd7 15. Rhd1 Rhd8 16. Rxd7 Rxd7 17. Nd2 Ne5 18. h3 Nd3 19. Nf3 Kd8 20. Rb1
Ke7 21. Nd4 Nc5 22. f4 f6 23. Rf1 g6 24. g4 e5 25. fxe5 fxe5 26. Rf7+ Kd8 27.
Rxd7+ Nbxd7 28. Nf3 Nxb3 29. axb3 Ke7 30. b4 Kf6 31. c4 a6 32. Nd2 b5 33. h4
Nb8 34. cxb5 axb5 35. Nb1 Nc6 36. Nc3 Nxb4 37. Nxb5 c6 38. Nc3 Nc2+ 39. Kd2 Nd4
40. Ke3 Ne6 41. Ne2 Nc5 42. Nc3 Ne6 43. Ne2 Nc5 44. Nc1 Ne6 45. Nd3 Nd4 46. Nc1
g5 47. h5 Ke6 48. Nd3 Nc2+ 49. Kd2 Nd4 50. Ke3 Nc2+ 51. Ke2 Nd4+ 1/2-1/2

[Event "II Weekend FirenzeScacchi A"]
[Site "Firenze ITA"]
[Date "2007.10.27"]
[Round "3"]
[White "Cassai, Mario"]
[Black "Bini, Lorenzo"]
[Result "0-1"]
[WhiteElo "1814"]
[BlackElo "2023"]
[PlyCount "56"]
[EventDate "2007.10.26"]

1. e4 b6 2. d4 Bb7 3. Nc3 e6 4. Nf3 Bb4 5. Bd3 Nf6 6. e5 Ne4 7. Bd2 Nxd2 8.
Nxd2 Qg5 9. Qe2 Nc6 10. Nf3 Qf4 11. a3 Bxc3+ 12. bxc3 Ne7 13. Nd2 Nd5 14. c4
Qxd4 15. O-O Nf4 16. Qe3 Qxe3 17. fxe3 Nxg2 18. Be4 Bxe4 19. Nxe4 Nxe3 20. Rf4
Nxc4 21. Nf6+ gxf6 22. Rxc4 fxe5 23. Rxc7 Kd8 24. Rc3 Rg8+ 25. Kf1 Rc8 26. Rh3
Rxc2 27. Rxh7 Ke7 28. h4 Rh2 0-1

[Event "II Weekend FirenzeScacchi A"]
[Site "Firenze ITA"]
[Date "2007.10.27"]
[Round "3"]
[White "Codenotti, Marco"]
[Black "Burgassi, Daniele"]
[Result "1/2-1/2"]
[WhiteElo "2002"]
[BlackElo "1939"]
[PlyCount "66"]
[EventDate "2007.10.26"]

1. e4 c5 2. Nf3 Nc6 3. d4 cxd4 4. Nxd4 Nf6 5. Nc3 e5 6. Nf5 d5 7. exd5 Bxf5 8.
dxc6 Qxd1+ 9. Nxd1 bxc6 10. Ne3 Bg6 11. Bd2 Bc5 12. Bd3 e4 13. Bc4 O-O 14.
O-O-O a5 15. Bc3 Be7 16. h4 h5 17. Kb1 Rfb8 18. g4 hxg4 19. h5 Nxh5 20. Nxg4
Bf6 21. Nxf6+ Nxf6 22. Rd6 Nd5 23. Bd2 Rc8 24. Rg1 Kf8 25. Bxd5 cxd5 26. Rxd5
e3 27. Bxe3 Bxc2+ 28. Ka1 Rd8 29. Bc5+ Kg8 30. Rdg5 Rd1+ 31. Rxd1 Bxd1 32. Bd4
g6 33. Rg1 Bf3 1/2-1/2

[Event "II Weekend FirenzeScacchi A"]
[Site "Firenze ITA"]
[Date "2007.10.27"]
[Round "3"]
[White "Corso, Roberto"]
[Black "De Filomeno, Simone"]
[Result "0-1"]
[WhiteElo "2096"]
[BlackElo "2045"]
[PlyCount "82"]
[EventDate "2007.10.26"]

1. d4 Nf6 2. c4 d6 3. Nc3 e5 4. dxe5 dxe5 5. Qxd8+ Kxd8 6. Bg5 Nbd7 7. O-O-O c6
8. a3 a5 9. Nf3 Kc7 10. Bh4 Bd6 11. h3 h6 12. Bg3 Re8 13. e3 a4 14. Be2 Nc5 15.
Rxd6 Kxd6 16. Rd1+ Ke7 17. Bxe5 Nb3+ 18. Kb1 Bf5+ 19. Ka2 Bc2 20. Re1 Kf8 21.
g4 Ne4 22. g5 Nxg5 23. Bd6+ Kg8 24. Nxg5 hxg5 25. Rg1 Rad8 26. c5 f6 27. Bc4+
Kh7 28. Bf7 Rh8 29. f4 gxf4 30. exf4 Nd4 31. b4 axb3+ 32. Kb2 Rd7 33. Bc4 b5
34. Be2 Nf5 35. Nxb5 cxb5 36. Bxb5 Rb7 37. Bc6 Nxd6 38. cxd6 Rb6 39. Bf3 Rxd6
40. Be2 Rd2 41. Bc4 Rb8 0-1

[Event "II Weekend FirenzeScacchi A"]
[Site "Firenze ITA"]
[Date "2007.10.27"]
[Round "3"]
[White "Del Giudice, Stefano"]
[Black "Ljubisavljevic, Zivojin Z."]
[Result "0-1"]
[WhiteElo "2030"]
[BlackElo "2319"]
[PlyCount "106"]
[EventDate "2007.10.26"]

1. d4 Nf6 2. Nf3 e6 3. e3 c5 4. c3 b6 5. Bd3 Ba6 6. O-O Bxd3 7. Qxd3 Nc6 8.
Nbd2 d5 9. e4 cxd4 10. cxd4 Nb4 11. Qb5+ Qd7 12. Qxd7+ Nxd7 13. exd5 Nxd5 14.
Nc4 Rc8 15. b3 b5 16. Ne3 N7b6 17. Bd2 Ba3 18. Ba5 f6 19. Bxb6 Nxb6 20. Rad1
Kd7 21. d5 e5 22. Nf5 g6 23. Nh6 Rhf8 24. Rfe1 Rc2 25. h4 Bc5 26. Rd2 Rxd2 27.
Nxd2 Bb4 28. Rd1 Bxd2 29. Rxd2 f5 30. a4 bxa4 31. bxa4 Kd6 32. g4 fxg4 33. Nxg4
Rf4 34. Ne3 Rxa4 35. h5 Nc4 36. Nxc4+ Rxc4 37. hxg6 hxg6 38. Ra2 Rc7 39. Ra6+
Kxd5 40. Rxg6 a5 41. Ra6 Rc5 42. Kf1 Kc4 43. Ke2 Kb5 44. Ra8 a4 45. Rb8+ Kc4
46. Ra8 Kb4 47. Kd2 a3 48. Rb8+ Rb5 49. Ra8 Kb3 50. Kc1 a2 51. Ra6 Rb4 52. f3
Rc4+ 53. Kd2 Ra4 0-1

[Event "II Weekend FirenzeScacchi A"]
[Site "Firenze ITA"]
[Date "2007.10.27"]
[Round "3"]
[White "Garofalo, Simone"]
[Black "Malescusi, Luciano"]
[Result "1/2-1/2"]
[WhiteElo "2022"]
[BlackElo "1873"]
[PlyCount "93"]
[EventDate "2007.10.26"]

1. e4 Nf6 2. e5 Nd5 3. d4 d6 4. Nf3 Bg4 5. Be2 e6 6. O-O Be7 7. c4 Nb6 8. exd6
cxd6 9. Nc3 O-O 10. Be3 N8d7 11. b3 Rc8 12. Qd2 Nf6 13. h3 Bh5 14. Rfd1 Bg6 15.
Rac1 h6 16. Bf4 a6 17. Qe3 Nbd7 18. Nd2 Qa5 19. d5 e5 20. Bh2 Rfe8 21. Bd3 Bxd3
22. Qxd3 Bd8 23. Kf1 Bb6 24. Nde4 Nxe4 25. Nxe4 Nc5 26. Nxc5 Qxc5 27. Qd2 Ba5
28. Qe3 Qxe3 29. fxe3 b5 30. cxb5 axb5 31. Rc6 Rxc6 32. dxc6 Bb4 33. Rd5 Bc5
34. Ke2 Rc8 35. b4 Bxb4 36. Rxb5 Bc5 37. Bxe5 Rxc6 38. Rb8+ Kh7 39. Bg3 Ra6 40.
Rb2 Ra3 41. Bf2 Kg6 42. Kf3 Kf5 43. Rc2 h5 44. Rd2 g5 45. Rd5+ Kf6 46. Rd2 Ke6
47. Ke2 1/2-1/2

[Event "II Weekend FirenzeScacchi A"]
[Site "Firenze ITA"]
[Date "2007.10.27"]
[Round "3"]
[White "Ghods, Maziar"]
[Black "Cocuzzi, Edoardo"]
[Result "0-1"]
[WhiteElo "1874"]
[BlackElo "1892"]
[PlyCount "58"]
[EventDate "2007.10.26"]

1. e4 e5 2. Nf3 Nc6 3. Bb5 a6 4. Bxc6 dxc6 5. O-O Bg4 6. h3 h5 7. d3 Bc5 8.
Nbd2 Bxf3 9. Nxf3 f6 10. c3 g5 11. d4 exd4 12. cxd4 Ba7 13. Qb3 g4 14. Nh4 Ne7
15. Nf5 Nxf5 16. exf5 Bxd4 17. Re1+ Kf8 18. Qxb7 gxh3 19. gxh3 Rg8+ 20. Kf1 Bb6
21. Bh6+ Kf7 22. Qxc6 Qd3+ 23. Re2 Qxh3+ 24. Ke1 Rg1+ 25. Kd2 Rd8+ 26. Kc2
Qxf5+ 27. Kb3 Rxa1 28. Be3 Qd3+ 29. Kb4 a5+ 0-1

[Event "II Weekend FirenzeScacchi A"]
[Site "Firenze ITA"]
[Date "2007.10.27"]
[Round "3"]
[White "Madiai, Federico"]
[Black "Rinaldi, Francesco Saverio"]
[Result "0-1"]
[WhiteElo "2055"]
[BlackElo "2187"]
[PlyCount "74"]
[EventDate "2007.10.26"]

1. Nf3 g6 2. d4 Bg7 3. c4 Nf6 4. Nc3 O-O 5. e4 d6 6. Be2 Na6 7. O-O e5 8. Re1
Re8 9. Bf1 Bg4 10. d5 Nb4 11. Bd3 a5 12. a3 Na6 13. h3 Bd7 14. Ne2 Nh5 15. g4
Nf4 16. Nxf4 exf4 17. Rb1 h5 18. gxh5 g5 19. Kg2 Nc5 20. b4 axb4 21. axb4 Nxd3
22. Qxd3 Qe7 23. h6 Bxh6 24. Bb2 Bg7 25. Bxg7 Kxg7 26. e5 Rh8 27. exd6 Qxd6 28.
Qd4+ Qf6 29. Re5 Bxh3+ 30. Kg1 Kf8 31. Re8+ Kg7 32. Re5 Kf8 33. Rbe1 Bg4 34.
Re8+ Kg7 35. R8e5 Rh5 36. Qe4 Bxf3 37. Qxf3 Rah8 0-1

[Event "II Weekend FirenzeScacchi A"]
[Site "Firenze ITA"]
[Date "2007.10.27"]
[Round "3"]
[White "Tocchioni, Doriano"]
[Black "Tocchioni, Maurizio"]
[Result "1-0"]
[WhiteElo "2290"]
[BlackElo "1916"]
[PlyCount "60"]
[EventDate "2007.10.26"]

1. Nf3 b5 2. e3 a6 3. a4 b4 4. b3 Nf6 5. Bb2 e6 6. Be2 Bb7 7. O-O Be7 8. d4 d5
9. Ne5 Nbd7 10. Nd2 O-O 11. f4 Ne4 12. Bd3 Nxe5 13. fxe5 Bg5 14. Qe2 Nxd2 15.
Qxd2 Qe7 16. c3 c5 17. Rf3 f6 18. Rh3 g6 19. exf6 Rxf6 20. dxc5 bxc3 21. Qxc3
a5 22. Rg3 Bh4 23. Rxg6+ Rxg6 24. Bxg6 e5 25. c6 Bc8 26. Rf1 Bf6 27. Bh5 Ra7
28. Qc2 Qg7 29. Rf3 Bh4 30. Qc5 Be6 1-0

[Event "II Weekend FirenzeScacchi A"]
[Site "Firenze ITA"]
[Date "2007.10.27"]
[Round "4"]
[White "Bini, Alessandro"]
[Black "Codenotti, Marco"]
[Result "1/2-1/2"]
[WhiteElo "2009"]
[BlackElo "2002"]
[PlyCount "89"]
[EventDate "2007.10.26"]

1. c4 e5 2. Nc3 Nc6 3. d3 f5 4. Nf3 Nf6 5. a3 d6 6. g3 g6 7. Bg2 Bg7 8. O-O O-O
9. Nd5 Ne7 10. Nxf6+ Bxf6 11. Rb1 Bg7 12. b4 h6 13. Bb2 g5 14. Qc2 Ng6 15. e3
f4 16. Nd2 Bf5 17. exf4 gxf4 18. h3 f3 19. Nxf3 Bxh3 20. Bxh3 Rxf3 21. Qe2 Rf6
22. f4 Rf8 23. Qh5 Qe8 24. f5 Nf4 25. Qg4 Nxh3+ 26. Qxh3 Qc6 27. Qg2 Qxg2+ 28.
Kxg2 Rf7 29. Rf2 Re8 30. Re1 Ref8 31. Ref1 Bf6 32. Bc1 Bg5 33. Bxg5 hxg5 34. g4
Rh7 35. Rh1 Rxh1 36. Kxh1 Rf7 37. Rh2 Rh7 38. Kg2 Rxh2+ 39. Kxh2 c6 40. Kg3 d5
41. a4 a6 42. Kf3 b5 43. axb5 axb5 44. Ke3 Kf7 45. c5 1/2-1/2

[Event "II Weekend FirenzeScacchi A"]
[Site "Firenze ITA"]
[Date "2007.10.27"]
[Round "4"]
[White "Bini, Lorenzo"]
[Black "Madiai, Federico"]
[Result "1-0"]
[WhiteElo "2023"]
[BlackElo "2055"]
[PlyCount "47"]
[EventDate "2007.10.26"]

1. f4 d5 2. b3 Nf6 3. Bb2 Bf5 4. Nf3 h6 5. e3 e6 6. Be2 Nbd7 7. O-O Be7 8. Nc3
c6 9. a4 a6 10. Rc1 b5 11. Qe1 Rg8 12. Nd4 Qb6 13. Nxf5 exf5 14. axb5 axb5 15.
Ra1 Rxa1 16. Qxa1 Kd8 17. Kh1 Kc7 18. Qa2 Ne4 19. Nxe4 fxe4 20. c4 dxc4 21.
bxc4 b4 22. c5 Qxc5 23. Rc1 Qb6 24. Qxf7 1-0

[Event "II Weekend FirenzeScacchi A"]
[Site "Firenze ITA"]
[Date "2007.10.27"]
[Round "4"]
[White "Burgassi, Daniele"]
[Black "Bighiu, Gheorghe"]
[Result "0-1"]
[WhiteElo "1939"]
[BlackElo "2043"]
[PlyCount "48"]
[EventDate "2007.10.26"]

1. e4 e5 2. Nf3 Nf6 3. Nxe5 d6 4. Nc4 Nxe4 5. Nc3 Nf6 6. d4 Be7 7. Ne3 d5 8.
Qf3 c6 9. Bd3 O-O 10. O-O g6 11. b3 a5 12. Bb2 Na6 13. Bxa6 Rxa6 14. h3 b5 15.
Rac1 Bd6 16. Nb1 Ne4 17. Ng4 f6 18. Rcd1 h5 19. Ne3 f5 20. Rfe1 f4 21. Nf1 Ng5
22. Qd3 Bf5 23. Qe2 f3 24. Qd2 fxg2 0-1

[Event "II Weekend FirenzeScacchi A"]
[Site "Firenze ITA"]
[Date "2007.10.27"]
[Round "4"]
[White "Corso, Roberto"]
[Black "Garofalo, Simone"]
[Result "1-0"]
[WhiteElo "2096"]
[BlackElo "2022"]
[PlyCount "75"]
[EventDate "2007.10.26"]

1. d4 Nf6 2. c4 g6 3. Nc3 Bg7 4. e4 d6 5. f3 O-O 6. Be3 Nc6 7. Qd2 a6 8. Nge2
Rb8 9. Ng3 e5 10. Nge2 exd4 11. Nxd4 Re8 12. Be2 Nh5 13. O-O-O Nxd4 14. Bxd4
Bxd4 15. Qxd4 Qg5+ 16. Kb1 Nf4 17. Qe3 Qe5 18. Bf1 Ne6 19. Rd5 Qg7 20. g4 Bd7
21. h4 Bc6 22. Rd2 h6 23. Bd3 b5 24. cxb5 axb5 25. Ne2 b4 26. Ng3 d5 27. Rc1
dxe4 28. Bxe4 Bxe4+ 29. Nxe4 b3 30. a3 Kh7 31. g5 Rbd8 32. Nf6+ Kh8 33. Rxd8
Rxd8 34. Qxb3 Qf8 35. Qc3 Rd4 36. f4 c5 37. Nd7 Qa8 38. Nxc5 1-0

[Event "II Weekend FirenzeScacchi A"]
[Site "Firenze ITA"]
[Date "2007.10.27"]
[Round "4"]
[White "De Filomeno, Simone"]
[Black "Contini, Davide"]
[Result "1-0"]
[WhiteElo "2045"]
[BlackElo "2173"]
[PlyCount "53"]
[EventDate "2007.10.26"]

1. e4 c5 2. Nc3 Nc6 3. g3 g6 4. Bg2 Bg7 5. d3 d6 6. Be3 Nf6 7. h3 Bd7 8. Qd2 b5
9. Nxb5 Rb8 10. c4 a6 11. Nc3 Qb6 12. Rb1 Qb4 13. Nge2 O-O 14. O-O Ne8 15. Bh6
Nc7 16. Bxg7 Kxg7 17. f4 Nd4 18. f5 Nxe2+ 19. Qxe2 f6 20. h4 e5 21. Qe3 Qb7 22.
g4 Qc8 23. g5 gxf5 24. exf5 Bxf5 25. gxf6+ Rxf6 26. Qg5+ Kf7 27. Nd5 1-0

[Event "II Weekend FirenzeScacchi A"]
[Site "Firenze ITA"]
[Date "2007.10.27"]
[Round "4"]
[White "Ghods, Maziar"]
[Black "Del Giudice, Stefano"]
[Result "1/2-1/2"]
[WhiteElo "1874"]
[BlackElo "2030"]
[PlyCount "40"]
[EventDate "2007.10.26"]

1. e4 d6 2. d4 Nf6 3. Nc3 g6 4. Be3 c6 5. h3 Nbd7 6. f4 Bg7 7. Nf3 O-O 8. Bd3
Qa5 9. O-O e5 10. a4 exd4 11. Nxd4 Nc5 12. Nb3 Nxb3 13. cxb3 Qb4 14. Bc4 Nxe4
15. Nxe4 d5 16. Bc5 Qa5 17. b4 Qd8 18. Bxf8 Qxf8 19. Bxd5 cxd5 20. Qxd5 Be6
1/2-1/2

[Event "II Weekend FirenzeScacchi A"]
[Site "Firenze ITA"]
[Date "2007.10.27"]
[Round "4"]
[White "Ljubisavljevic, Zivojin Z."]
[Black "Tocchioni, Maurizio"]
[Result "1/2-1/2"]
[WhiteElo "2319"]
[BlackElo "1916"]
[PlyCount "70"]
[EventDate "2007.10.26"]

1. e4 d5 2. exd5 Qxd5 3. Nc3 Qa5 4. d4 c6 5. Bd3 Bf5 6. Nge2 Bxd3 7. Qxd3 Nf6
8. Bd2 Nbd7 9. O-O-O e6 10. Kb1 Qc7 11. Bf4 Bd6 12. Bxd6 Qxd6 13. f4 O-O-O 14.
h3 Nb6 15. Rhf1 Qb4 16. a3 Qa5 17. Na2 Qf5 18. g4 Qxd3 19. Rxd3 Nc4 20. Kc1 Kb8
21. a4 Rd7 22. b3 Nb6 23. a5 Na8 24. a6 b6 25. Nb4 Rc8 26. Rc3 Rdc7 27. f5 c5
28. dxc5 bxc5 29. Na2 Ne4 30. Rcf3 exf5 31. c4 fxg4 32. hxg4 Nf6 33. Nac3 h6
34. Nf4 Nb6 35. Nd3 35... Nbd7 {...} 1/2-1/2

[Event "II Weekend FirenzeScacchi A"]
[Site "Firenze ITA"]
[Date "2007.10.27"]
[Round "4"]
[White "Malescusi, Luciano"]
[Black "Cassai, Mario"]
[Result "1/2-1/2"]
[WhiteElo "1873"]
[BlackElo "1814"]
[PlyCount "33"]
[EventDate "2007.10.26"]

1. d4 d5 2. Nf3 Nf6 3. e3 a6 4. Bd3 Bg4 5. h3 Bh5 6. c4 dxc4 7. Bxc4 b5 8. Be2
Nbd7 9. O-O e6 10. b3 Be7 11. Bb2 O-O 12. Nbd2 c5 13. a4 Rb8 14. axb5 axb5 15.
dxc5 Nxc5 16. Ne5 Bxe2 17. Qxe2 1/2-1/2